000 00756cam a22002291 4500
001 ca 34000883
003 DLC
005 20260227111132.0
008 880119s1916 nyua 000 0 eng
010 _aca 34000883
035 _a(OCoLC)17358486
040 _aDLC
_cMi
_dMi
_dDLC
050 0 0 _aPS3545.I46
_bH4 1916
082 _a812.5
100 1 _aWillcox, Helen L.
_q(Helen Lida),
_d1883-
245 1 4 _aThe heroine of Ava,
_cby Helen L. Willcox.
260 _aNew York,
_bMissionary Education Movement of the United States and Canada
_c[1916]
300 _a33 p.
_billus.
_c23 cm.
500 _aMissionary play based on historical incidents; scene laid in Burma.
600 1 0 _aJudson, Ann Hasseltine,
_d1789-1826
_xDrama.
650 0 _aMissionary plays.
999 _c17391
_d17391